000 00832nam a2200265Ia 4500
003 OSt
005 20220928114200.0
006 a|||||r|||| 00| 0
007 ta
008 220927b |||||||| |||| 00| 0 eng d
020 _c1258.9590000000001
024 _a111154
037 _b265, 25/02/2011, Pioneer Book Distributors
_cTextual
040 _aSDCL
_cSDCL
_beng
041 _2eng
_aeng
082 _aR37, Q1
100 _aChase James
_9437362
245 0 _aAnalytic versus continental
_b Arguments on the methods and value of philosophy.
260 _aDurham
_bAcumen
_c2011
300 _aviii,294p.
_ccm.
650 _aPhilosophy
700 _a Reynolds Jack
_9437363
942 _hR37, Q1
_cTEXL
_2CC
999 _c753303
_d753303